1159 1459 1283 1256 1259 1537 1419 1945 1882 1932 1592 1587 1088 1005 1286 1218 1078 1268 1187 1714 1161 1527 1156 1595 1866 1075 1873 1363 1709 1920 1734 1441 1816 1173 1234 1449 1138 1977 1448 1333 1098 1772 1071 1932 1504 1775 1989 1050 1926 1807 1110 1555 1231 1544 1104 1993 1286 1174 1899 1137 1956 1641 1128 1748 1915 1213 1810 1273 1301 1721 1695 1609 1478 1338 1890 1780 1387 1790 1112 1569 1092 1051 1552 1944 1142 1258 1377 1819 1652 1231 1632 1386 1432 1535 1713 1571 1888 1707 1948 BCNSPRNW ULIB Ver.6.0+V

เปลี่ยนเป็นภาษาไทย

Change to English
 แสดงรายละเอียดบรรณานุกรม
  กลับหน้าหลัก

Brief Record : Get Marc (ISO 2709) : E-mail record : QR code < ปิดหน้าต่าง
LEADER : 00000nam 2200000uu 4500
001    13399112099
003     ULIB
008    110726s2551||||th 000 0 tha d
020    9746459457(ล.1)
050  4 HA29.5.T5^bส719ส ล.1 2548
110 2  มหาวิทยาลัยสุโขทัยธรรมาธิราช.^bสาขาวิชาวิทยาศาสตร์สุขภาพ
245 10  เอกสารการสอนชุดวิชาสถิติและการวิจัยสำหรับวิทยาศาสตร์สุขภาพ หน่วยที่ 1-7=^bStatistics and research in health science / ^cสาขาวิชาวิทยาศาสตร์สุขภาพ มหาวิทยาลัยสุโขทัยธรรมาธิราช
246 30 สถิติและการวิจัยสำหรับวิทยาศาสตร์สุขภาพ
246 31 Statistics and research in health science
250    พิมพ์ครั้งที่ 6, ฉบับปรับปรุงครั้งที่ 2
260    นนทบุรี :^bมหาวิทยาลัยสุโขทัยธรรมาธิราช,^c2551
300    เล่ม :^bภาพประกอบ
440  0 มหาวิทยาลัยสุโขทัยธรรมาธิราช ;^vอ.50103
504    บรรณานุกรมท้ายเล่ม
505 0  สารบัญ: ล.1. หน่วยที่ 1-7-- ล.2. หน่วยที่ 8-15
650  4 สถิติศาสตร์
650  4 วิจัย
650  4 วิทยาศาสตร์การแพทย์^xวิจัย
650  4 วิทยาศาสตร์สุขภาพ^xวิจัย
650  4 สถิติและการวิจัยสำหรับวิทยาศาสตร์สุขภาพ
945    ^p0^l0^i018583
995    ทศพร
999 ^a ทศพร
รายการนี้ยังไม่มีแท็ก
คุณยังไม่ได้ล็อกอิน คุณสามารถมีกิจกรรมร่วมกับเว็บไซต์ได้ แต่ต้องล็อกอินก่อน ::
  ล็อกอิน

รายการสื่อสารสนเทศ

ลำดับที่ ประเภท เลขเรียก/บาร์โค้ด สถานที่ สถานะ
- ไม่พบข้อมูล -

รายการใกล้เคียง
    หัวเรื่อง [สถิติศาสตร์]
    หัวเรื่อง [วิจัย]
    หัวเรื่อง [สถิติและการวิจัยสำหรับวิทยาศาสตร์สุขภาพ]

BibComment


ยังไม่เคยถูกคอมเมนท์

คอมเมนท์ทรัพยากรรายการนี้
  คอมเมนท์: เอกสารการสอนชุดว..


 Copyright 2026. Bcnsprnw @Library